000 00732nam a2200241Ia 4500
003 OSt
005 20220925204053.0
006 a|||||r|||| 00| 0
007 ta
008 220923b |||||||| |||| 00| 0 eng d
037 _cGeneral Book
040 _aRTL
_cRTL
_beng
041 _2eng
_aeng
082 _aX:77.44Q71.N7, L7
100 _aEtienne Gilbert
_9130807
245 0 _aBangladesh development in perspective
260 _aGeneva
_bA. D. R. C.
_c1977
300 _a195p.
_ccm.
490 _aGraduate Institute of International Centre, Studies and Documents, 2.
650 _aEconomic Development
_917300
942 _hX:77.44Q71.N7, L7
_cGB
_2CC
999 _c548453
_d548453